000 00587nam a22002057a 4500
003 MPLRDC
005 20220104113825.0
008 210129b ||||| |||| 00| 0 eng d
020 _a981-229-361-2
082 _a541.26386 YTB
100 _a亚太编辑部 编写
245 _a马来文化之旅
_c刘佑珠 译
250 _a初版
260 _a新加坡
_b亚太图书有限公司
_c2004
300 _b150
490 _a缤纷文化之旅
520 _a上架 2017-04-01。 2017-04-01 重修--pg.60-61装订结合处。
650 _a马来文化
942 _cBK
_o541.26386 YTB
999 _c2636
_d2626